| 000 | 01752nam a22003857a 4500 | ||
|---|---|---|---|
| 001 | 14951160 | ||
| 003 | OSt | ||
| 005 | 20210426122417.0 | ||
| 008 | 070802s2008 nyuab b 001 0 eng | ||
| 010 | _a 2007030522 | ||
| 020 | _a9781400044115 | ||
| 040 |
_aDLC _cDLC _dDLC _beng |
||
| 041 | _aeng | ||
| 050 | 0 | 0 |
_aHV6441 _b.G54 2008 |
| 080 |
_a821.111 _bG-52 |
||
| 082 | 0 | 0 |
_a364.1/06 _222 |
| 100 | 1 | _aGlenny, Misha. | |
| 245 | 1 | 0 |
_aMcMafia : _ba journey through the global criminal underworld / _c/ by: Alfred A. Knopf |
| 250 | _a1st edition | ||
| 260 |
_aNew York _bAlfred A. Knopf _c2008. |
||
| 300 |
_axvi, 375 p., [16] p. of plates _bill., maps _c25 cm. |
||
| 365 | _b27.95 usd | ||
| 500 | _a"A Borzoi book." | ||
| 504 | _aIncludes bibliographical references and index. | ||
| 505 | 0 | _aThe fall of communism -- Death of an American -- Bloody lucre -- The Mafiya--midwives of capitalism -- Spreading the word -- Gold, money, diamonds and banks -- Aliyah -- Xanadu I -- Xanadu II -- The theatre of crime -- Black and white -- Drugs and cybercrime -- Buddies -- March of fear -- Code orange -- The future of organized crime -- The overunderworld -- The future of organised crime. | |
| 650 | 0 | _aOrganized crime. | |
| 650 | 0 |
_aEnglish literature _9254 |
|
| 650 | 0 | _aTransnational crime. | |
| 653 | _aინგლისური ლიტერატურა | ||
| 653 | _aორგანიზებული დანაშაული | ||
| 856 | 4 | 1 |
_3Table of contents only _uhttp://www.loc.gov/catdir/toc/ecip0723/2007030522.html |
| 906 |
_a7 _bcbc _corignew _d1 _eecip _f20 _gy-gencatlg |
||
| 942 |
_2udc _cBK _e1 |
||
| 999 |
_c1134 _d1134 |
||